Lila la la (Record no. 11819)

MARC details
000 -LEADER
fixed length control field 00492nam a2200181Ia 4500
005 - DATE AND TIME OF LATEST TRANSACTION
control field 20250813121601.0
008 - FIXED-LENGTH DATA ELEMENTS--GENERAL INFORMATION
fixed length control field 231207s9999 xx 000 0 und d
020 ## - INTERNATIONAL STANDARD BOOK NUMBER
International Standard Book Number 3893570578
040 ## - CATALOGING SOURCE
Transcribing agency PK-LaNCA
082 ## - DEWEY DECIMAL CLASSIFICATION NUMBER
Classification number 709.04
Item number WAR
100 ## - MAIN ENTRY--PERSONAL NAME
Author Name Warmerdam, Marijka Van
245 #0 - TITLE STATEMENT
Title Lila la la
Statement of responsibility, etc. Marijka Van Warmerdam
260 ## - PUBLICATION, DISTRIBUTION, ETC.
Name of publisher, distributor, etc. Mit Unterstutzung
Place of publication, distribution, etc. Berlin
Date of publication, distribution, etc. 1999
300 ## - PHYSICAL DESCRIPTION
Pages 64p
Other physical details ill
546 ## - LANGUAGE NOTE
Language note English, German
650 ## - SUBJECT ADDED ENTRY--TOPICAL TERM
Subject Art, Modern--20th century, Art--Exhibition
942 ## - ADDED ENTRY ELEMENTS (KOHA)
Koha item type MA Visual Arts
999 ## -
-- 11819
-- 11819
Holdings
Withdrawn status Weedout from Library Permanent Location Current Location Shelving location Date acquired Full call number Barcode Price effective from Koha item type
    NATIONAL COLLEGE OF ARTS, LAHORE - LIBRARY NATIONAL COLLEGE OF ARTS, LAHORE - LIBRARY M.A Visual Art Section Library Basement 08/12/2023 709.04 WAR 15692 15692 08/12/2023 MA Visual Arts